[Event "Qatar Masters Open 2023"]
[Site "Doha QAT"]
[Date "2023.10.11"]
[Round "1.71"]
[White "Haldorsen, Benjamin"]
[Black "Bakhrillaev, Bakhrom"]
[Result "0-1"]
[WhiteTitle "IM"]
[BlackTitle "FM"]
[WhiteElo "2454"]
[BlackElo "2302"]
[WhiteFideId "1512633"]
[BlackFideId "14212285"]
[EventDate "2023.10.11"]

1. e4 e5 2. Nf3 Nc6 3. Bb5 a6 4. Ba4 d6 5. c3 Bd7 6. d4 g6 7. O-O Bg7 8. h3 Nf6
9. Nbd2 O-O 10. Re1 Re8 11. Bc2 a5 12. Nf1 a4 13. a3 b5 14. Ng3 Na5 15. Rb1 Qc8
16. Nh2 Qb7 17. Ng4 Nxg4 18. hxg4 exd4 19. cxd4 b4 20. axb4 Qxb4 21. Ne2 Bxg4
22. Bd2 Bxe2 23. Qxe2 Qxd4 24. Bc3 Qc4 25. Bd3 Qc5 26. Bxg7 Kxg7 27. Rbc1 Qb6
28. Bb5 Nb3 29. Bxe8 Nxc1 30. Rxc1 Rxe8 31. Rc4 Rb8 32. Rc2 Qd4 33. Kh2 Rb4 34.
f3 h5 35. g3 Rb3 36. Kh3 Qg1 37. Qg2 Qd1 38. Rf2 c5 39. g4 hxg4+ 40. Kxg4 Qd4
41. Rd2 f5+ 42. Kh3 Qxe4 43. Rf2 Qf4 0-1

[Event "Qatar Masters Open 2023"]
[Site "Doha QAT"]
[Date "2023.10.11"]
[Round "1.73"]
[White "Nitish, Belurkar"]
[Black "Karamsetty, Jeevan"]
[Result "1-0"]
[WhiteTitle "IM"]
[WhiteElo "2451"]
[BlackElo "2300"]
[WhiteFideId "5084768"]
[BlackFideId "2025337"]
[EventDate "2023.10.11"]

1. d4 d6 2. e4 Nf6 3. Nc3 e5 4. Nf3 Nbd7 5. Bc4 Be7 6. O-O O-O 7. a4 a6 8. a5
exd4 9. Nxd4 Ne5 10. Ba2 c5 11. Nf5 Nc6 12. Nxe7+ Qxe7 13. Bg5 Be6 14. Bd5 Nb4
15. Re1 Rae8 16. Qd2 Bxd5 17. exd5 Qd8 18. f3 h6 19. Bh4 g5 20. Bg3 Rxe1+ 21.
Rxe1 Qxa5 22. Bxd6 Re8 23. Rxe8+ Nxe8 24. Be7 Qc7 25. d6 Qd7 26. Ne4 b6 27. h4
f5 28. Ng3 f4 29. Ne4 Nc6 30. Bf6 Kf7 31. hxg5 Nxf6 32. Qxf4 Qe6 33. gxf6 Qd5
34. Qxh6 Qd4+ 35. Kh1 Ne5 36. Ng5+ Ke8 37. f7+ 1-0

[Event "Qatar Masters Open 2023"]
[Site "Doha QAT"]
[Date "2023.10.11"]
[Round "1.74"]
[White "Senthil, Maran K"]
[Black "Ravi, Teja S."]
[Result "1/2-1/2"]
[WhiteTitle "FM"]
[BlackTitle "IM"]
[WhiteElo "2298"]
[BlackElo "2448"]
[WhiteFideId "25035681"]
[BlackFideId "5017220"]
[EventDate "2023.10.11"]

1. c4 c6 2. Nf3 d5 3. d4 Nf6 4. g3 Bf5 5. Nc3 e6 6. Nh4 dxc4 7. Nxf5 exf5 8. e3
Nbd7 9. Bxc4 Nb6 10. Bb3 Be7 11. Bd2 Qd7 12. Qf3 O-O 13. O-O Rad8 14. Rfd1 Nbd5
15. Rac1 Rfe8 16. Nxd5 Nxd5 17. Ba5 Rc8 18. Be1 g6 19. Rc2 Nf6 20. Rdc1 Bd6 21.
Bc4 Qe7 22. a3 h5 23. b4 Ne4 24. Bf1 h4 25. d5 c5 26. bxc5 Rxc5 27. Rxc5 Bxc5
28. a4 Rd8 29. Rd1 hxg3 30. hxg3 Qe5 31. Qf4 Rxd5 32. Qxe5 Rxe5 33. Rd8+ Kg7 34.
Kg2 b6 35. Ra8 a5 36. Bc4 Re7 37. Kf1 Rc7 38. Bd3 Bd6 39. Ke2 Kf6 40. Re8 Nc3+
41. Bxc3+ Rxc3 42. Rd8 Bc5 43. Rd7 Ra3 44. Bb5 Bb4 45. Rb7 Ra2+ 46. Kf1 Ra1+ 1/2-1/2

[Event "Qatar Masters Open 2023"]
[Site "Doha QAT"]
[Date "2023.10.11"]
[Round "1.75"]
[White "Vaishali, Rameshbabu"]
[Black "Chan, Kim Yew"]
[Result "1-0"]
[WhiteTitle "IM"]
[BlackTitle "FM"]
[WhiteElo "2448"]
[BlackElo "2292"]
[WhiteFideId "5091756"]
[BlackFideId "5717981"]
[EventDate "2023.10.11"]

1. e4 c5 2. Nf3 e6 3. Nc3 a6 4. g3 Nc6 5. Bg2 Nf6 6. O-O Qc7 7. Re1 Be7 8. d4
cxd4 9. Nxd4 O-O 10. Nxc6 dxc6 11. e5 Nd5 12. h4 Nxc3 13. bxc3 f5 14. exf6 Bxf6
15. Re3 e5 16. a4 a5 17. Be4 Be6 18. Rb1 Rad8 19. Qh5 g6 20. Qe2 Ba2 21. Ra1 Bf7
22. Rf3 Bg7 23. Bg5 Rd7 24. h5 gxh5 25. Rxf7 Rfxf7 26. Qxh5 Bf8 27. Kg2 Bc5 28.
f3 Be7 29. Bh6 Qd8 30. Qg4+ Kh8 31. Qe6 Bf6 32. Rf1 Qe7 33. Qg4 Qd8 34. Qh5 Qe7
35. g4 Rd8 36. Rh1 Rg8 37. Be3 Bg5 38. Bc5 Qc7 39. Bd6 Qxd6 40. Qxh7+ Rxh7 41.
Rxh7# 1-0

[Event "Qatar Masters Open 2023"]
[Site "Doha QAT"]
[Date "2023.10.11"]
[Round "1.76"]
[White "Avinash, Ramesh"]
[Black "Tarhan, Adar"]
[Result "1-0"]
[WhiteTitle "IM"]
[BlackTitle "FM"]
[WhiteElo "2286"]
[BlackElo "2445"]
[WhiteFideId "45018340"]
[BlackFideId "34544712"]
[EventDate "2023.10.11"]

1. d4 Nf6 2. c4 e6 3. Nc3 Bb4 4. e3 O-O 5. Bd3 d5 6. a3 Be7 7. Nge2 b6 8. cxd5
exd5 9. O-O c5 10. Nf4 Bb7 11. Qf3 Bd6 12. Rd1 Bxf4 13. Qxf4 c4 14. Bc2 Re8 15.
f3 Nc6 16. e4 dxe4 17. fxe4 Nxd4 18. Qf2 Nxc2 19. Rxd8 Nxa1 20. Rxa8 Bxa8 21.
Bg5 Nxe4 22. Nxe4 Bxe4 23. Qd4 h6 24. Be7 Bg6 25. Qd7 f6 26. Qxa7 Nb3 27. Qd7
Bf7 28. Bb4 Nc1 29. Qd6 b5 30. h3 Nd3 31. Bc3 Re2 32. Qd8+ Be8 33. Qc7 Re6 34.
a4 Kh7 35. Qc8 Nf4 36. a5 Bg6 37. Qb8 Re4 38. a6 Ne2+ 39. Kh2 Nxc3 40. a7 Re2
41. a8=Q Be4 42. Qg8+ Kg6 43. Qae8+ Kf5 44. Qge6+ Kf4 45. Qg4+ Ke3 46. bxc3 1-0

[Event "Qatar Masters Open 2023"]
[Site "Doha QAT"]
[Date "2023.10.11"]
[Round "1.77"]
[White "Aayush, Bhattacherjee"]
[Black "Rakshitta, Ravi"]
[Result "0-1"]
[WhiteTitle "FM"]
[BlackTitle "WGM"]
[WhiteElo "2444"]
[BlackElo "2272"]
[WhiteFideId "35029070"]
[BlackFideId "25073230"]
[EventDate "2023.10.11"]

1. e4 e5 2. Nf3 Nc6 3. Bb5 Nge7 4. O-O Ng6 5. c3 a6 6. Ba4 d5 7. exd5 Qxd5 8.
Bb3 Qd3 9. Ng5 Be7 10. Bc2 Qd8 11. Nf3 O-O 12. d3 Bf5 13. Be3 Qd7 14. d4 exd4
15. Nxd4 Nxd4 16. cxd4 Bxc2 17. Qxc2 Bd6 18. Qd2 Nh4 19. Nc3 Rfe8 20. Ne2 Qh3
21. gxh3 Nf3+ 22. Kg2 Nxd2 23. Rfc1 Ne4 24. Bf4 Rad8 25. Be3 f5 26. Rc2 Rd7 27.
Rd1 Rf7 28. Bf4 Bxf4 29. Nxf4 g5 30. Nd3 Rfe7 31. Nc5 Nd6 32. d5 Re2 33. Rdd2
Rxd2 34. Rxd2 Ne4 35. Re2 Re5 36. f3 Rxd5 37. Ne6 Rd2 38. Rxd2 Nxd2 39. Nxg5 Nc4
40. b3 Ne3+ 41. Kf2 Nd5 42. Ne6 b6 43. Kg3 Kf7 44. Ng5+ Kg6 45. f4 Nc3 46. Ne6
c5 47. Nf8+ Kf7 48. Nd7 Nxa2 49. Nxb6 Nc1 50. Kf3 Nxb3 51. Ke3 Ke6 52. Kd3 Na5
53. Na4 Kd6 54. Nc3 Kc6 55. Nd1 Nb7 56. Nc3 Nd6 57. h4 a5 58. h5 Ne4 59. Nd1 a4
60. Ne3 Nd6 61. Kc3 a3 62. Kb3 c4+ 63. Kxa3 Kc5 64. Nc2 Nb5+ 65. Kb2 c3+ 66. Kb3
Nd4+ 67. Kxc3 Nxc2 68. Kxc2 Kd4 69. Kd2 Ke4 70. h6 Kxf4 71. Ke2 Kg5 72. Kf3 Kxh6
73. Kf4 Kg6 74. Kg3 Kg5 75. Kf3 f4 76. Kf2 Kg4 77. Kg2 f3+ 78. Kg1 Kf4 79. Kf2
Ke4 80. Kf1 Ke3 81. Ke1 f2+ 82. Kf1 Kf3 83. h4 Kg3 84. h5 h6 0-1

[Event "Qatar Masters Open 2023"]
[Site "Doha QAT"]
[Date "2023.10.11"]
[Round "1.78"]
[White "Nandhidhaa, P V"]
[Black "Shyaamnikhil, P"]
[Result "0-1"]
[WhiteTitle "WGM"]
[BlackTitle "IM"]
[WhiteElo "2260"]
[BlackElo "2442"]
[WhiteFideId "5050847"]
[BlackFideId "5024218"]
[EventDate "2023.10.11"]

1. e4 c5 2. Nf3 d6 3. d4 cxd4 4. Nxd4 Nf6 5. Nc3 a6 6. Be3 Ng4 7. Bg5 h6 8. Bh4
g5 9. Bg3 Bg7 10. Be2 Ne5 11. h4 Nbc6 12. Nf5 Bxf5 13. exf5 Nd4 14. hxg5 hxg5
15. Rxh8+ Bxh8 16. Qd2 Nxf5 17. Qxg5 e6 18. Qh5 Ng6 19. Bh2 Qa5 20. O-O-O Bxc3
21. bxc3 Qxc3 22. Bd3 Qa1+ 23. Kd2 Qxa2 24. Bxf5 Qa5+ 25. Kc1 Qxf5 26. Qxf5 exf5
27. Rxd6 Rd8 28. Rb6 Rd7 29. c4 f4 30. Kc2 Ne5 31. Bxf4 Nxc4 32. Rh6 Rd4 33. g3
Na3+ 34. Kb3 Nb5 35. Be3 Rd3+ 36. Kb4 Rd7 37. Bc5 Rd1 38. Ka5 Nc7 39. Be3 Rb1
40. Rd6 Rb5+ 41. Ka4 Nd5 42. Ba7 f6 43. Re6+ Kd7 44. Re1 b6 45. Bb8 Rb2 46. f4
Rc2 47. f5 Rc3 48. Ra1 Kc6 49. g4 a5 50. g5 Ne3 51. Re1 b5+ 0-1

[Event "Qatar Masters Open 2023"]
[Site "Doha QAT"]
[Date "2023.10.12"]
[Round "2.1"]
[White "Suleymenov, Alisher"]
[Black "Carlsen, Magnus"]
[Result "1-0"]
[WhiteTitle "GM"]
[BlackTitle "GM"]
[WhiteElo "2512"]
[BlackElo "2839"]
[WhiteFideId "13707833"]
[BlackFideId "1503014"]
[EventDate "2023.10.11"]

1. d4 Nf6 2. c4 e6 3. Nf3 b6 4. a3 Ba6 5. Qc2 Bb7 6. Nc3 c5 7. e4 cxd4 8. Nxd4
Bc5 9. Nf3 Nc6 10. b4 Be7 11. Bb2 Qb8 12. Rd1 O-O 13. Be2 d6 14. O-O Rc8 15.
Rfe1 Bf8 16. Bf1 Ne7 17. Nb5 Ne8 18. Ng5 Ng6 19. e5 d5 20. Qb3 Be7 21. Nxf7 Kxf7
22. cxd5 Bxd5 23. Rxd5 exd5 24. Qxd5+ Kf8 25. Nd4 Nf4 26. Qf3 Kg8 27. Qxf4 Qb7
28. Nf5 b5 29. Bxb5 Bf8 30. Bc4+ Kh8 31. Nh6 1-0

[Event "Qatar Masters Open 2023"]
[Site "Doha QAT"]
[Date "2023.10.12"]
[Round "2.3"]
[White "Bharath, Subramaniyam H"]
[Black "Giri, Anish"]
[Result "0-1"]
[WhiteTitle "GM"]
[BlackTitle "GM"]
[WhiteElo "2500"]
[BlackElo "2760"]
[WhiteFideId "46634827"]
[BlackFideId "24116068"]
[EventDate "2023.10.11"]

1. e4 c6 2. Nc3 d5 3. Nf3 Bg4 4. h3 Bxf3 5. Qxf3 e6 6. Be2 Nf6 7. O-O d4 8. Nb1
Bd6 9. d3 Bc7 10. g3 c5 11. Qg2 Nc6 12. f4 e5 13. Nd2 Qe7 14. f5 O-O-O 15. a3
Kb8 16. c4 dxc3 17. bxc3 Na5 18. c4 Rd6 19. Rb1 Rhd8 20. Qf3 R8d7 21. Nb3 Rb6
22. Nd2 Nc6 23. Rxb6 Bxb6 24. Nb3 Nd4 25. Nxd4 cxd4 26. g4 h6 27. h4 Nh7 28. Qg3
f6 29. Kf2 Bc5 30. a4 Ba3 31. Bd2 Bb4 32. Bc1 a6 33. Rg1 Qc5 34. g5 hxg5 35.
hxg5 Nxg5 36. Bxg5 fxg5 37. Qxg5 Ka7 38. Rh1 Qa5 39. Kf3 Qxa4 40. Rh7 Qc2 41.
Rxg7 Rxg7 42. Qxg7 Qd2 43. Qg1 a5 44. Qd1 Qg5 45. Qf1 Bd2 46. Bd1 Kb6 47. Kf2
Kc5 48. Qh3 Kb4 49. Ke2 Qe3+ 50. Qxe3 Bxe3 51. f6 a4 52. f7 Bh6 53. f8=Q+ Bxf8
54. Kd2 a3 55. Kc2 a2 56. Kb2 a1=Q+ 57. Kxa1 Kc3 58. Be2 Kd2 59. Bf1 Ke1 60. Bh3
Ke2 61. Kb2 Kxd3 62. Kb3 Kxe4 63. Bg2+ Kd3 64. Bxb7 e4 65. Kb2 e3 66. c5 Bxc5 0-1

[Event "Qatar Masters Open 2023"]
[Site "Doha QAT"]
[Date "2023.10.12"]
[Round "2.6"]
[White "Madaminov, Mukhiddin"]
[Black "Maghsoodloo, Parham"]
[Result "1-0"]
[WhiteTitle "IM"]
[BlackTitle "GM"]
[WhiteElo "2484"]
[BlackElo "2707"]
[WhiteFideId "14210703"]
[BlackFideId "12539929"]
[EventDate "2023.10.11"]

1. e4 c5 2. Nf3 d6 3. d4 cxd4 4. Nxd4 Nf6 5. Nc3 a6 6. a3 e5 7. Nf5 d5 8. Bg5 d4
9. Bxf6 gxf6 10. Nb1 Bxf5 11. exf5 Qd5 12. Qd3 Nd7 13. Nd2 Nc5 14. Qh3 Qc6 15.
b4 Na4 16. Bd3 h5 17. O-O Nc3 18. Rfe1 O-O-O 19. Ne4 Nd5 20. Reb1 Rg8 21. b5
axb5 22. Bxb5 Qc7 23. Qf3 Rg4 24. Bd3 Qc6 25. h3 Rf4 26. Qxh5 Nc3 27. f3 Rxe4
28. Bxe4 Nxe4 29. fxe4 Bc5 30. Kh1 Qxe4 31. Qxf7 Rh8 32. Rb3 d3 33. Rxd3 Be3 34.
Qd7+ Kb8 35. Rxe3 Qxe3 36. Rb1 Rxh3+ 37. gxh3 Qxh3+ 38. Kg1 Qg3+ 39. Kf1 Qf3+
40. Ke1 Qh1+ 41. Kd2 Qxb1 42. Qd8+ Ka7 43. Qxf6 Qb5 44. Qd6 Qa5+ 45. Ke2 Qc3 46.
Qd3 Qc6 47. Ke3 b6 48. c4 Qh1 49. Qd7+ Ka6 50. Qb5+ Ka7 51. Qxe5 Qc1+ 52. Kf3
Qxa3+ 53. Ke4 Qh3 54. Qd5 Qc3 55. Qd4 Qe1+ 56. Kd5 Qh1+ 57. Kd6 Qh2+ 58. Kc6
Qh1+ 59. Qd5 Qh6+ 60. Qd6 Qh1+ 61. Kd7 Qh5 62. Qe6 Qd1+ 63. Kc8 b5 64. c5 1-0

[Event "Qatar Masters Open 2023"]
[Site "Doha QAT"]
[Date "2023.10.12"]
[Round "2.7"]
[White "Van Foreest, Jorden"]
[Black "Xiao, Tong(QD)"]
[Result "1/2-1/2"]
[WhiteTitle "GM"]
[WhiteElo "2707"]
[BlackElo "2476"]
[WhiteFideId "1039784"]
[BlackFideId "8622388"]
[EventDate "2023.10.11"]

1. e4 c5 2. Nf3 d6 3. d4 cxd4 4. Nxd4 Nf6 5. Nc3 a6 6. h3 e6 7. g4 d5 8. Nde2
Bc5 9. exd5 Qb6 10. Be3 Bxe3 11. fxe3 Qxe3 12. dxe6 Bxe6 13. Qd4 Qxd4 14. Nxd4
Nbd7 15. O-O-O O-O-O 16. Nxe6 fxe6 17. Bc4 Rhe8 18. Rde1 Nf8 19. g5 Nh5 20. Rhf1
Kc7 21. a4 Rd4 22. Rf7+ Rd7 23. Rf3 Rd4 24. Re4 Rxe4 25. Rf7+ Kc6 26. Nxe4 Ng6
27. a5 Ne5 28. Bb3 Nxf7 29. Ba4+ Kd5 30. Nc3+ Kd6 31. Bxe8 Ke7 32. Bxf7 Kxf7 33.
Ne4 Ke7 34. Nc5 Nf4 35. Nxb7 Nxh3 36. b4 Nxg5 37. b5 Kd7 38. Nc5+ Kc8 39. Nxa6
Ne4 40. b6 Kb7 41. Nc7 Nc5 42. Kd2 h5 43. Ke3 h4 44. Kf4 g5+ 45. Kg4 e5 46. Nd5
e4 47. Ne3 Ka6 48. Nf1 Kxa5 49. Kxg5 1/2-1/2

[Event "Qatar Masters Open 2023"]
[Site "Doha QAT"]
[Date "2023.10.12"]
[Round "2.8"]
[White "Sindarov, Javokhir"]
[Black "Nogerbek, Kazybek"]
[Result "1-0"]
[WhiteTitle "GM"]
[BlackTitle "IM"]
[WhiteElo "2658"]
[BlackElo "2471"]
[WhiteFideId "14205483"]
[BlackFideId "13710427"]
[EventDate "2023.10.11"]

1. e4 e5 2. Nf3 Nc6 3. Bb5 a6 4. Ba4 Nf6 5. O-O Be7 6. d3 b5 7. Bb3 d6 8. Bd2
O-O 9. h3 h6 10. a3 Be6 11. Nc3 Bxb3 12. cxb3 Qd7 13. Rc1 Rac8 14. Re1 Rfe8 15.
b4 Nd4 16. Nxd4 exd4 17. Ne2 c5 18. Ng3 Bf8 19. Nf5 Kh7 20. bxc5 dxc5 21. g4 g6
22. Ng3 c4 23. Kg2 Rc6 24. Qf3 Rec8 25. Bb4 Bg7 26. Ne2 Qd8 27. e5 Ne8 28. Qe4
Re6 29. f4 a5 30. Bd2 Nd6 31. Qd5 cxd3 32. Nxd4 Nc4 33. Qxd8 Rxd8 34. Nxe6 fxe6
35. Rxc4 bxc4 36. Bxa5 Rb8 37. Bc3 Bf8 38. Ra1 Rb3 39. Kf3 Bc5 40. Ke4 Kg8 41.
a4 Rb7 42. a5 Rd7 43. Kf3 Kf7 44. a6 Ba7 45. Bd2 Ke8 46. Rc1 Rd4 47. h4 Bb6 48.
h5 gxh5 49. gxh5 Kf7 50. Ra1 Rd7 51. Ra4 Rc7 52. Be3 Rd7 53. Bd2 Rc7 54. Rb4 Ba7
55. Rb7 Rxb7 56. axb7 Ke7 57. Bb4+ Kd7 58. Bd6 1-0

[Event "Qatar Masters Open 2023"]
[Site "Doha QAT"]
[Date "2023.10.12"]
[Round "2.9"]
[White "Stearman, Josiah"]
[Black "Narayanan, S.L."]
[Result "0-1"]
[WhiteTitle "IM"]
[BlackTitle "GM"]
[WhiteElo "2476"]
[BlackElo "2651"]
[WhiteFideId "2062496"]
[BlackFideId "5058422"]
[EventDate "2023.10.11"]

1. d4 d5 2. c4 e6 3. Nc3 Nf6 4. cxd5 exd5 5. Bg5 c6 6. e3 Bd6 7. Bd3 O-O 8. Qc2
h6 9. Bh4 Re8 10. Nf3 Be6 11. O-O Nbd7 12. Rab1 a5 13. a3 Qb8 14. b4 axb4 15.
axb4 b5 16. Ne2 Rc8 17. Nf4 Bxf4 18. exf4 Qxf4 19. Bg3 Qg4 20. Ra1 Rxa1 21. Rxa1
Nb6 22. h3 Qh5 23. Ne5 Nc4 24. Ra6 Ne4 25. Nxc6 Re8 26. Bxe4 dxe4 27. Bf4 Qd5
28. Qc3 Bc8 29. Nb8 Bxa6 30. Nxa6 Rd8 31. Be3 f5 32. Nc5 Nxe3 33. fxe3 f4 0-1

[Event "Qatar Masters Open 2023"]
[Site "Doha QAT"]
[Date "2023.10.12"]
[Round "2.10"]
[White "Salem, A.R. Saleh"]
[Black "Stany, G.A."]
[Result "1-0"]
[WhiteTitle "GM"]
[BlackTitle "GM"]
[WhiteElo "2632"]
[BlackElo "2469"]
[WhiteFideId "9301348"]
[BlackFideId "5029104"]
[EventDate "2023.10.11"]

1. e4 c5 2. Nf3 Nc6 3. Bb5 g6 4. Nc3 Bg7 5. d3 Nd4 6. a4 Nxb5 7. axb5 d6 8. O-O
Nf6 9. Re1 O-O 10. e5 dxe5 11. Nxe5 Be6 12. Bd2 Nd5 13. h4 Nxc3 14. Bxc3 Bd5 15.
h5 Qc8 16. Ra4 a6 17. hxg6 hxg6 18. Rh4 axb5 19. Qd2 Ra4 20. b4 Rxb4 21. Bxb4
cxb4 22. Rxb4 Qc7 23. d4 Bc6 24. c3 e6 25. Rbb1 Rd8 26. Qf4 Qe7 27. Re3 Rc8 28.
Rh3 Qc7 29. Qh4 Bxe5 30. dxe5 Qxe5 31. Qh7+ 1-0

[Event "Qatar Masters Open 2023"]
[Site "Doha QAT"]
[Date "2023.10.12"]
[Round "2.11"]
[White "Muthaiah, AL"]
[Black "Mendonca, Leon Luke"]
[Result "1/2-1/2"]
[WhiteTitle "IM"]
[BlackTitle "GM"]
[WhiteElo "2470"]
[BlackElo "2622"]
[WhiteFideId "5092442"]
[BlackFideId "35028561"]
[EventDate "2023.10.11"]

1. d4 Nf6 2. c4 e6 3. Nf3 b6 4. g3 Ba6 5. b3 Bb4+ 6. Bd2 Be7 7. Nc3 d5 8. cxd5
exd5 9. Bg2 O-O 10. O-O Re8 11. Rc1 Nbd7 12. Re1 Bb7 13. Qc2 a6 14. Qb2 c5 15.
Bg5 Rc8 16. e3 Nf8 17. dxc5 bxc5 18. Red1 Ne6 19. Qb1 d4 20. Bxf6 Bxf6 21. Ne4
Qe7 22. exd4 Bxd4 23. Re1 h6 24. Nxd4 cxd4 25. Rxc8 Rxc8 26. Nd2 Bxg2 27. Kxg2
Qb4 28. Nf3 Rd8 29. Qe4 Qd6 30. Rd1 d3 31. b4 Ng5 32. Nxg5 hxg5 33. Rd2 Qd7 34.
a4 g6 35. h3 Kh7 36. Qc4 Qb7+ 37. Kh2 Rc8 38. Qxd3 Qxb4 39. Qd7 Kg7 40. Qxc8
Qxd2 41. Qc5 1/2-1/2

[Event "Qatar Masters Open 2023"]
[Site "Doha QAT"]
[Date "2023.10.12"]
[Round "2.12"]
[White "Puranik, Abhimanyu"]
[Black "Chen, Qi b"]
[Result "1/2-1/2"]
[WhiteTitle "GM"]
[BlackTitle "IM"]
[WhiteElo "2618"]
[BlackElo "2465"]
[WhiteFideId "5061245"]
[BlackFideId "8614733"]
[EventDate "2023.10.11"]

1. e4 c6 2. d4 d5 3. f3 e6 4. Nc3 Bb4 5. Bd2 Ne7 6. a3 Ba5 7. Bd3 Bb6 8. Nge2
dxe4 9. Nxe4 O-O 10. Bf4 Bc7 11. Qd2 Bxf4 12. Qxf4 Ng6 13. Qg3 Qh4 14. O-O-O Rd8
15. f4 Qxg3 16. hxg3 Nf8 17. g4 b6 18. g5 a5 19. g4 Ra7 20. Rh3 Ba6 21. c4 Rad7
22. Rdh1 Rxd4 23. Nxd4 Rxd4 24. Nc3 g6 25. Ne2 Rd8 26. b4 axb4 27. axb4 e5 28.
fxe5 Nbd7 29. e6 Nxe6 30. Rxh7 Ndf8 31. R7h3 c5 32. bxc5 Nxc5 33. Kc2 Nxd3 34.
Rxd3 Rc8 35. Nc3 Bxc4 36. Re3 Kg7 37. Kb2 1/2-1/2

[Event "Qatar Masters Open 2023"]
[Site "Doha QAT"]
[Date "2023.10.12"]
[Round "2.13"]
[White "Gagare, Shardul"]
[Black "Yakubboev, Nodirbek"]
[Result "0-1"]
[WhiteTitle "GM"]
[BlackTitle "GM"]
[WhiteElo "2460"]
[BlackElo "2616"]
[WhiteFideId "5037883"]
[BlackFideId "14203987"]
[EventDate "2023.10.11"]

1. d4 Nf6 2. c4 e6 3. Nf3 b6 4. g3 Bb7 5. Bg2 Be7 6. O-O O-O 7. Nc3 Ne4 8. Qc2
Nxc3 9. Qxc3 f5 10. Rd1 Bf6 11. b4 Be4 12. Bb2 d6 13. Nd2 Bxg2 14. Kxg2 Nc6 15.
Nb3 Qd7 16. b5 Ne7 17. Nd2 c5 18. bxc6 Nxc6 19. Qd3 d5 20. Rac1 Rfc8 21. c5 bxc5
22. Rxc5 Nb4 23. Rxc8+ Rxc8 24. Qb3 Nc6 25. Qa4 Ne5 26. Qxd7 Nxd7 27. Nb3 Nb6
28. Rc1 Rc4 29. Nc5 Kf7 30. e3 Be7 31. Rc3 Bxc5 32. dxc5 Na4 33. Rb3 Nxc5 34.
Rb8 g5 35. Bd4 Nd3 36. Rb7+ Ke8 37. g4 e5 38. Bxa7 Rxg4+ 39. Kf1 Ra4 40. f3 Rxa2
41. Rxh7 Rf2+ 42. Kg1 Rxf3 43. Rg7 f4 44. exf4 Nxf4 45. Bc5 e4 46. Re7+ Kd8 47.
Re5 Kd7 48. Re7+ Kc6 49. Ba7 Kb5 50. Rb7+ Kc4 51. Rb1 e3 52. Rc1+ Kd3 53. Rd1+
Kc2 54. Ra1 e2 55. Bb6 Rd3 56. Kf2 Rd1 57. Ra2+ Kb3 0-1

[Event "Qatar Masters Open 2023"]
[Site "Doha QAT"]
[Date "2023.10.12"]
[Round "2.14"]
[White "Baskin, Robert"]
[Black "Gupta, Abhijeet"]
[Result "1-0"]
[WhiteTitle "IM"]
[BlackTitle "GM"]
[WhiteElo "2451"]
[BlackElo "2609"]
[WhiteFideId "24662402"]
[BlackFideId "5010608"]
[EventDate "2023.10.11"]

1. e4 c5 2. Nf3 d6 3. d4 cxd4 4. Nxd4 Nf6 5. Nc3 Nc6 6. Bg5 e6 7. Qd3 Bd7 8.
Ndb5 Nb4 9. Qd1 Qb8 10. Bf4 e5 11. Bg5 a6 12. Bxf6 gxf6 13. Na3 b5 14. Nab1 Bg7
15. a3 Nc6 16. Nd5 Qb7 17. Bd3 Be6 18. Nbc3 h5 19. Ne3 Ne7 20. Qf3 Rd8 21. Rd1
Kf8 22. Ncd5 Bg4 23. Nxg4 hxg4 24. Qxg4 Nxd5 25. exd5 Qxd5 26. Be4 Qc4 27. Qf3
f5 28. Qxf5 d5 29. Bd3 Qc7 30. c3 Rh6 31. Be2 Rf6 32. Qd3 e4 33. Qg3 Qe7 34. O-O
Rh6 35. Qf4 Rdd6 36. g3 Be5 37. Qf5 Kg7 38. f4 exf3 39. Qxf3 Rdg6 40. Bd3 Rg5
41. Rde1 Qe6 42. Re2 f6 43. Bf5 Qb6+ 44. Kg2 Qc7 45. Rd1 Qc4 46. Be6 Qh4 47. Kf1
Rxg3 48. Qxd5 Rh8 49. hxg3 1-0

[Event "Qatar Masters Open 2023"]
[Site "Doha QAT"]
[Date "2023.10.12"]
[Round "2.15"]
[White "Vakhidov, Jakhongir"]
[Black "Nitish, Belurkar"]
[Result "1-0"]
[WhiteTitle "GM"]
[BlackTitle "IM"]
[WhiteElo "2607"]
[BlackElo "2451"]
[WhiteFideId "14201801"]
[BlackFideId "5084768"]
[EventDate "2023.10.11"]

1. d4 Nf6 2. c4 e6 3. Nf3 d5 4. Nc3 dxc4 5. e4 Bb4 6. Bxc4 Nxe4 7. O-O Nf6 8.
Qa4+ Nc6 9. Ne5 Be7 10. d5 Nxd5 11. Nxd5 exd5 12. Nxc6 bxc6 13. Qxc6+ Bd7 14.
Qxd5 O-O 15. Bf4 Be6 16. Qxd8 Raxd8 17. Bxe6 fxe6 18. Be3 Bf6 19. Rac1 Bxb2 20.
Rxc7 Bd4 21. Bxd4 Rxd4 22. Rxa7 Rd2 23. g3 e5 24. f3 Rc8 25. Rf2 Rc1+ 26. Kg2
Rxf2+ 27. Kxf2 Rc2+ 28. Kg1 Rc1+ 29. Kg2 Rc2+ 30. Kh3 Rf2 31. Ra3 h6 32. g4 Kh7
33. Kg3 Rc2 34. h4 h5 35. gxh5 Re2 36. Ra4 Kh6 37. a3 Ra2 38. Ra5 Re2 39. Ra4
Ra2 40. Kg4 Rg2+ 41. Kf5 Rf2 42. f4 exf4 43. Rxf4 Ra2 44. a4 Kxh5 45. Ke6 Re2+
46. Kd7 g5 47. hxg5 Kxg5 48. Rb4 Kf5 49. a5 Ke5 50. a6 Ra2 51. Rb6 Rh2 52. Rd6
Rh8 53. Kc7 Ra8 54. Rb6 Kd5 55. Kb7 Kc5 56. Rc6+ Kb5 57. Kxa8 Kxc6 58. Kb8 1-0

[Event "Qatar Masters Open 2023"]
[Site "Doha QAT"]
[Date "2023.10.12"]
[Round "2.17"]
[White "Shyaamnikhil, P"]
[Black "Jumabayev, Rinat"]
[Result "0-1"]
[WhiteTitle "IM"]
[BlackTitle "GM"]
[WhiteElo "2442"]
[BlackElo "2585"]
[WhiteFideId "5024218"]
[BlackFideId "13702661"]
[EventDate "2023.10.11"]

1. Nf3 c5 2. g3 Nc6 3. c4 Nf6 4. Bg2 d5 5. cxd5 Nxd5 6. Nc3 g6 7. d3 Nxc3 8.
bxc3 Bg7 9. Bd2 h6 10. Qc1 e5 11. O-O Be6 12. Ne1 Rc8 13. Rb1 b6 14. c4 Nd4 15.
Qd1 Bg4 16. f3 Bd7 17. e3 Ne6 18. f4 exf4 19. gxf4 O-O 20. Qc2 Bc6 21. f5 Ng5
22. Bc3 Bxc3 23. Qxc3 Qe7 24. e4 Rcd8 25. Rb2 gxf5 26. h4 Nh7 27. Rxf5 Rd6 28.
Nf3 Bd7 29. Rd5 Re8 30. Rxd6 Qxd6 31. Bf1 Qf6 32. Rg2+ Kf8 33. Qd2 Qxf3 34.
Qxh6+ Ke7 35. Qxh7 Bh3 36. Rf2 Qg3+ 37. Bg2 Be6 38. Qh6 Rg8 39. Qf4 Qxd3 40. Rd2
Qg3 41. Qxg3 Rxg3 42. Kf2 Rg4 43. h5 Rh4 44. Kg3 Rxh5 45. Bf3 Rh3+ 46. Kf4 Bxc4 0-1